Fichas técnicas de automóviles
Uloženo v:
| Hlavní autor: | |
|---|---|
| Médium: | Kniha |
| Jazyk: | španělština |
| Vydáno: |
Barcelona
CEAC
1998
|
| Edice: | Biblioteca CEAC del automóvil
|
| Témata: | |
| Tagy: |
Přidat tag
Žádné tagy, Buďte první, kdo vytvoří štítek k tomuto záznamu!
|
MARC
| LEADER | 00000nam a2200000 a 4500 | ||
|---|---|---|---|
| 001 | UCO1113 | ||
| 003 | CL-VaPUC | ||
| 008 | 000505e19980000SP |||||||||||||||||spa|d | ||
| 082 | 0 | 4 | |a 629.25 |b HOW |2 21 |
| 100 | 0 | |a Howard, Geoffrey |e author |9 442939 | |
| 245 | 1 | 0 | |a Fichas técnicas de automóviles |
| 300 | |a 303 p | ||
| 942 | |c BK | ||
| 945 | |d 20000505 00:00:00 |a vberengu | ||
| 260 | |a Barcelona |b CEAC |c 1998 | ||
| 650 | 0 | |a Automóviles |9 260871 | |
| 650 | 7 | |a MOTORES DE AUTOMOVILES |2 CL-VaPUC |9 364790 | |
| 650 | 7 | |a TECNOLOGIA AUTOMOVILISTICA |2 CL-VaPUC |9 358675 | |
| 650 | 0 | |a Vehículos |9 348061 | |
| 650 | 0 | |a Vehículos automotores |9 386662 | |
| 583 | |a last modification |c 20000505 00:00:00 |k Rodrigo Vera | ||
| 490 | 0 | |a Biblioteca CEAC del automóvil | |
| 999 | |c 287742 |d 287740 | ||
| 952 | |0 0 |1 0 |2 ddc |4 0 |6 629_250000000000000_HOW_1998 |7 0 |8 A |9 334763 |a BIBMEC |b BIBMEC |d 2019-11-20 |i 3609669 |o 629.25 HOW 1998 |p 3609669 |r 2024-01-19 |w 2019-11-20 |y BK_P |k MEC | ||